Tiếng Việt thực hành
Hướng dẫn những kỹ năng chung nhất về tạo lập và tiếp nhận văn bản đến kỹ thuật viết luận văn và tiểu luận khoa học trong nhà trường. Rèn luyện kỹ năng đặt câu và dùng từ: Chữa các lỗi thường gặp về đặt câu và dùng từ trong văn bản...
Enregistré dans:
| Auteur principal: | |
|---|---|
| Autres auteurs: | |
| Format: | Livre |
| Langue: | Vietnamese |
| Publié: |
H.
Đại học quốc gia
2009
|
| Édition: | In lần 7 |
| Sujets: | |
| Tags: |
Ajouter un tag
Pas de tags, Soyez le premier à ajouter un tag!
|
| Thư viện lưu trữ: | Mạng thư viện Đại học Đà Nẵng |
|---|
| LEADER | 01550nam a22003978a 4500 | ||
|---|---|---|---|
| 001 | 000010109 | ||
| 003 | 6309 | ||
| 005 | 20121009091009.0 | ||
| 008 | 111114s2009 b 000 0 od | ||
| 020 | |c 30000 |d 1.000b | ||
| 041 | 0 | |a 9903 | |
| 041 | 0 | |a vie | |
| 080 | |a 4(V)(075.3) | ||
| 082 | |a 495.922 |b NG-T | ||
| 084 | |a V172.1-923 |b T300ế | ||
| 100 | 1 | |a Nguyễn Minh Thuyết |e Chủ biên | |
| 245 | 1 | 0 | |a Tiếng Việt thực hành |c B.s: Nguyễn Minh Thuyết (ch.b), Nguyễn Văn Hiệp |
| 250 | |a In lần 7 | ||
| 260 | |a H. |b Đại học quốc gia |c 2009 | ||
| 300 | |a 280tr |c 20cm | ||
| 520 | |a Hướng dẫn những kỹ năng chung nhất về tạo lập và tiếp nhận văn bản đến kỹ thuật viết luận văn và tiểu luận khoa học trong nhà trường. Rèn luyện kỹ năng đặt câu và dùng từ: Chữa các lỗi thường gặp về đặt câu và dùng từ trong văn bản | ||
| 653 | |a Tiếng việt | ||
| 653 | |a thực hành | ||
| 653 | |a bài tập | ||
| 653 | |a giáo trình | ||
| 700 | 1 | |a Nguyễn Văn Hiệp |e Tác giả | |
| OWN | |a LSP | ||
| AVA | |a UDN50 |b LSP |d 495.922 NG-T |e check_holdings |t Error 5003 Not defined in file expand_doc_bib_avail. |h N |k 1 | ||
| 999 | |a From the UDN01 | ||
| AVA | |a UDN50 |b LSP |d 495.922 NG-T |e available |t Error 5001 Not defined in file expand_doc_bib_avail. |f 41 |g 1 |h N |i 57 |k 1 | ||
| TYP | |a Monograph | ||
| TYP | |a Printed language | ||
| 980 | |a Mạng thư viện Đại học Đà Nẵng | ||